=LDR 00000nam 2200000 4500 =001 INLIS000000000023015 =005 20130612121719 =008 ***********************************Ind** =035 ##$$0010-061300000023015 =041 ##$$a Ind =082 ##$$a 658.5 =090 ##$$a 658.5, Hug-m =100 ##$$a Hughes, Chris =245 ##$$a Manajemen produksi =260 ##$$a 1996 $b Semarang =300 ##$$a vi, 146 hlm., ilus, 21 cm =650 ##$$a Manajemen =850 ##$$a NBPNMAT =990 ##$$a 0026/BPAP-NTB/2017